| 000 | 02845nam a22004095a 4500 | ||
|---|---|---|---|
| 005 | 20090525145256.0 | ||
| 008 | 090202s2009 ii af b 001 0 eng d | ||
| 010 | _aENG-93719 | ||
| 020 |
_a978019569998X _c1950.00 |
||
| 020 |
_a0195699982 _c1950.00 |
||
| 035 | _aEN-77252 | ||
| 035 | _aB-360884-890 | ||
| 037 | _aDBAD / PUB | ||
| 037 | _aUppal Book Store | ||
| 040 |
_adpl _bEnglish |
||
| 082 | _a780.9543 | ||
| 100 | _aPesch, Ludwig. | ||
| 245 |
_aThe Oxford illustrated companion to South Indian classical music / _cby Ludwig Pesch |
||
| 246 | _aSouth Indian classical music | ||
| 250 | _a2nd ed. | ||
| 260 |
_aNew Delhi : _bOxford University Press _c2009 |
||
| 270 |
_aYMCA Library Building, Jai Singh Road, _bNew Delhi _e110001 |
||
| 300 |
_axxiii, 517 p. _bill. (some col.) ; _c25cm(Hb) |
||
| 500 | _aIncludes bibliographical references and index | ||
| 650 |
_aCarnatic music _xHistory and criticism. |
||
| 650 |
_aMusic _zIndia _xHistory and criticism. |
||
| 942 |
_2ddc _cEN _h780.9543 _mPES |
||
| 999 |
_c26772 _d26772 |
||